000 00396pab a2200157 454500
008 180718b2012 xxu||||| |||| 00| 0 eng d
100 _aBurra, Srinivas
245 _aChattisgarh killings: What if they were / were not Maoists?
260 _c2012
300 _ap.15-17.
362 _a18 Aug
650 _aTerrorism
773 _aEconomic and Political Weekly
908 _aN
909 _a97090
999 _c97090
_d97090